Bilecik Bilecik Bilecik Bilecik Bilecik

Atatürk ve devrimleri tarihi bibliyografyası = (Record no. 35367)

MARC details
000 -BAŞLIK
Sabit Uzunluktaki Kontrol Alanı 01363nam a22003857a 4500
001 - KONTROL NUMARASI
Control Dosyası 0035461
003 - KONTROL NUMARASI KİMLİĞİ
Kontrol Alanı KOHA_MİRAKIL
005 - EN SON İŞLEM TARİHİ ve ZAMANI
Kontrol Alanı 20260207002943.0
007 - FİZİKSEL TANIM SABİT ALAN - GENEL BİLGİ
Sabit uzunluklu kontrol alanı ta
008 - SABİT UZUNLUKTAKİ VERİ ÖGELERİ - GENEL BİLGİ
Sabit Alan 120214b1968 tu |||grb|||#0|||0|tur |
040 ## - KATALOGLAMA KAYNAĞI
Özgün Kataloglama Kurumu TR-BiSEU
Kataloglama Dili tur
Çeviri Kurumu TR-BiSEU
Açıklama Kuralları rda
041 0# - DİL KODU
Metin ya da ses kaydının dil kodu tur
044 ## - YAYINLAYAN/ÜRETEN KURULUŞUN ÜLKE KODU
ISO country code tu
050 ## - SINIFLAMA ve YER NUMARASI
Sınıflama Numarası Z8046.5
Yer Numarası .A83 1968
240 10 - TEK BİÇİM BAŞLIK
Tekbiçim Başlık <a href="Bibliography of the history of Atatürk and his reforms">Bibliography of the history of Atatürk and his reforms</a>
Language of a work Türkçe
245 0# - ESER ADI BİLDİRİMİ
Başlık Atatürk ve devrimleri tarihi bibliyografyası =
Alt Eseradı vb. Bibliography of the history of Atatürk and his reforms/
Sorumluluk Bildirimi haz. Muzaffer Gökman.
250 ## - BASIM BİLDİRİMİ
Basım Bildirimi İlâveli 2. bası.
264 #1 - ÜRERİM, YAYIN, DAĞITIM ve TELİF BİLDİRİMİ
Yayın yeri İstanbul :
Yayınlayan Millî Eğitim Basımevi
Yayın tarihi 1968
300 ## - FİZİKSEL TANIMLAMA
Sayfa, Cilt vb. 3 v. ;
Boyutları 23 cm.
336 ## - İÇERİK TÜRÜ
Content type term metin
Content type code txt
Source rdacontent
337 ## - MEDYA TÜRÜ
Media type term aracısız
Media type code n
Source rdamedia
338 ## - TAŞIYICI TÜRÜ
Carrier type term cilt
Carrier type code nc
Source rdacarrier
490 1# - DİZİ BİLDİRİMİ
Dizi Bildirimi Kültür Bakanlığı yayınları ;
Cilt Numarası 419.
490 1# - DİZİ BİLDİRİMİ
Dizi Bildirimi Atatürk serisi.
490 1# - DİZİ BİLDİRİMİ
Dizi Bildirimi Doğumunun 100.
490 1# - DİZİ BİLDİRİMİ
Dizi Bildirimi yılında Atatürk yayınları ;
Cilt Numarası 28
650 #0 - KONU BAŞLIĞI EK GİRİŞ - KONU TERİMİ
Konusal terim veya coğrafi ad Atatürk, Mustafa Kemal, 1881-1938--Bibliography.
9 (RLIN) 20497
650 #0 - KONU BAŞLIĞI EK GİRİŞ - KONU TERİMİ
Konusal terim veya coğrafi ad Turkey--History 1918-1960--Bibliography.
9 (RLIN) 67734
830 1# - SERİ EK GİRİŞİ - TEKBİÇİM ESER ADI
Tekbiçim Başlık Kültür Bakanlığı yayınları ;
Volume number/sequential designation 419.
9 (RLIN) 6658
830 1# - SERİ EK GİRİŞİ - TEKBİÇİM ESER ADI
Tekbiçim Başlık Atatürk serisi.
9 (RLIN) 67735
830 1# - SERİ EK GİRİŞİ - TEKBİÇİM ESER ADI
Tekbiçim Başlık Doğumunun 100.
9 (RLIN) 12782
830 1# - SERİ EK GİRİŞİ - TEKBİÇİM ESER ADI
Tekbiçim Başlık yılında Atatürk yayınları ;
Volume number/sequential designation 28
9 (RLIN) 12783
907 ## - LOCAL DATA ELEMENT G, LDG (RLIN)
a Bibliyografya
942 ## - EK GİRİŞ ÖGELERİ (KOHA)
Source of classification or shelving scheme Library of Congress Classification
Koha item type Book
Holdings
Materyal Türü Kalıcı Konum Mevcut Konum Raf Yeri Sınıflandırma Kaynağı Edinim Bilgisi Ana Konular Alt Konular Yer Numarası Demirbaş Numarası Fatura Tarihi Geri Çekilme Durumu Kayıp Durumu Hasarlı Durumu Kredi için değil Kayıt Tarih Toplam Ödünçverme Son Görülme Tarihi Son Kontrol Tarihi Genel / Bağış Notu
Book Prof. Dr. Azmi Özcan Kütüphanesi Prof. Dr. Azmi Özcan Kütüphanesi Birûni Salonu Library of Congress Classification Bağış BİBLİYOGRAFYA, KÜTÜPHANE BİLİMİ Kitaplar (Genel), Yazı, Kütüphaneler, Bibliyografya Z8046.5 .A83 1968 0035461 02/02/2026         14/02/2012   05/12/2024 05/12/2024 Genel Bağış